2018 NBA Draft - Statistics

General Stats
  • This quiz has been taken 1,663 times
  • The average score is 20 of 60
Answer Stats
Pick Team From Position Answer % Correct
1 Suns Arizona C DeAndre Ayton
98%
3 Hawks (traded to Mavs) Slovenia G Luka Doncic
98%
5 Mavs (traded to Hawks) Oklahoma PG Trae Young
97%
4 Grizzlies Michigan State PF/C Jaren Jackson Jr
91%
43 Nuggets (via Clippers) (traded to Magic) Maryland F Justin Jackson
89%
2 Kings Duke PF/C Marvin Bagley III
87%
6 Magic Texas C Mo Bamba
76%
8 Cavs (via Nets) Alabama PG Collin Sexton
75%
7 Bulls Duke C Wendell Carter Jr
72%
32 Grizzlies West Virginia PG Jevon Carter
71%
10 76ers (via Lakers) (traded to Suns) Villanova SF Mikal Bridges
71%
12 Clippers (via Pistons) (traded to Hornets) Michigan State SF Miles Bridges
71%
14 Nuggets Missouri F Michael Porter Jr
66%
9 Knicks Kentucky F Kevin Knox
64%
11 Hornets (traded to Clippers) Kentucky G Shai Gilgeous-Alexander
64%
27 Celtics Texas A&M C Robert Williams III
44%
17 Bucks Villanova SG Donte DiVincenzo
43%
21 Jazz Duke SG Grayson Allen
42%
13 Clippers Boston College SG Jerome Robinson
40%
36 Knicks (via Bulls) Chalmette (HS) C Mitchell Robinson
40%
16 Suns (via Heat) (traded to 76ers) Texas Tech SG Zhaire Smith
40%
33 Mavs Villanova PG Jalen Brunson
39%
18 Spurs Miami SG Lonnie Walker IV
37%
25 Lakers (via Cavs) Michigan PF/C Moritz Wagner
37%
24 Trail Blazers IMG Academy (HS) G Anfernee Simons
34%
19 Hawks (via Timberwolves) Maryland SG/SF Kevin Huerter
31%
15 Wizards Oregon SG/SF Troy Brown
30%
42 Pistons Miami G Bruce Brown
29%
26 76ers Wichita State G Landry Shamet
29%
23 Pacers UCLA PG Aaron Holiday
28%
50 Pacers Missouri State F Alize Johnson
28%
20 Timberwolves (via Thunder) Georgia Tech SG Josh Okogie
23%
34 Hawks (traded to Hornets) Kansas PG Devonte Graham
19%
30 Hawks (via Rockets) Villanova PF/C Omari Spellman
19%
22 Bulls (via Pelicans) Boise State SF Chandler Hutchison
17%
37 Kings (traded to Trail Blazers) Duke SG Gary Trent Jr
16%
31 Suns France PG Elie Okobo
14%
28 Warriors Cincinnati SG Jacob Evans
14%
40 Nets (via Lakers) Latvia F Rodions Kurucs
14%
29 Nets (via Raptors) Bosnia and Herzegovia SF Dzanan Musa
13%
60 76ers (via Rockets) (traded to Mavs) Dayton F Kostas Antetokounmpo
12%
39 Lakers (via Knicks) Germany PF Isaac Bonga
11%
45 Hornets (via Bucks) (traded to Thunder) Kentucky SG Hamidou Diallo
10%
47 Lakers (via Nuggets) Kansas SG/SF Svi Mykhailiuk
10%
48 Timberwolves Ohio State F Keita Bates-Diop
9%
38 76ers (via Nets) (traded to Pistons) Creighton SG Khyri Thomas
9%
54 Mavs (via Trail Blazers) (traded to 76ers) SMU G Shake Milton
9%
46 Rockets (via Heat) USC G De'Anthony Melton
8%
41 Magic (via Hornets) (traded to Nuggets) Kentucky F Jarred Vanderbilt
8%
52 Jazz Purdue SF Vince Edwards
7%
35 Magic Tulane SF Melvin Frazier
6%
49 Spurs USC PF/C Chimezie Metu
5%
58 Nuggets (via Warriors) UCLA C Thomas Welsh
5%
53 Thunder Virginia G Devon Hall
4%
59 Suns (via Raptors) Colorado SF George King
4%
56 76ers Louisville PF Ray Spalding
4%
51 Pelicans Penn State PG Tony Carr
4%
55 Hornets (via Cavs) Lithuania SF Arnoldas Kulboka
3%
44 Wizards Ukraine PG Issuf Sanon
3%
57 Thunder (via Celtics) UT-Arlington SF Kevin Hervey
3%
No matching quizzes found
Score Distribution
Percent of People with Each Score
Percentile by Number Answered
Your Score History
You have not taken this quiz